|
|
|
|
| LEADER |
00000nam0a2200000 4500 |
| 001 |
317163 |
| 005 |
20231102002940.0 |
| 010 |
|
|
|a 9785811420087
|
| 035 |
|
|
|a (RuTPU)RU\TPU\book\342631
|
| 090 |
|
|
|a 317163
|
| 100 |
|
|
|a 20160405d2016 m y0rusy50 ca
|
| 101 |
0 |
|
|a rus
|
| 102 |
|
|
|a RU
|
| 105 |
|
|
|a a j 001zy
|
| 200 |
1 |
|
|a Теоретическая механика. Решение задач статики и кинематики
|e учебное пособие
|f А. Б. Максимов
|
| 210 |
|
|
|a Санкт-Петербург
|c Лань
|d 2016
|
| 215 |
|
|
|a 207 с.
|c ил.
|
| 225 |
1 |
|
|a Учебники для вузов. Специальная литература
|
| 320 |
|
|
|a Библиогр.: с. 204.
|
| 320 |
|
|
|a Предм. - имен. указ.: с. 205-206.
|
| 330 |
|
|
|a В пособии изложены теоретические сведения и методика решения задач статики и кинематики курса теоретической механики. Пособие предназначено для преподавателей и студентов морских направлений подготовки высших технических учебных заведений.
|
| 606 |
1 |
|
|a Механика теоретическая
|2 stltpush
|3 (RuTPU)RU\TPU\subj\59441
|9 76991
|
| 610 |
1 |
|
|a физика
|
| 610 |
1 |
|
|a статика
|
| 610 |
1 |
|
|a кинематика
|
| 610 |
1 |
|
|a плоская система сил
|
| 610 |
1 |
|
|a точки
|
| 610 |
1 |
|
|a твердые тела
|
| 610 |
1 |
|
|a сложное движение
|
| 610 |
1 |
|
|a плоское движение
|
| 610 |
1 |
|
|a вращение
|
| 610 |
1 |
|
|a простейшие движения
|
| 610 |
1 |
|
|a пространства
|
| 610 |
1 |
|
|a системы сил
|
| 610 |
1 |
|
|a задачи
|
| 610 |
1 |
|
|a решение
|
| 610 |
1 |
|
|a примеры
|
| 610 |
1 |
|
|a учебные пособия
|
| 675 |
|
|
|a 531(076)
|v 4
|
| 700 |
|
1 |
|a Максимов
|b А. Б.
|g Александр Борисович
|
| 801 |
|
1 |
|a RU
|b 63413507
|c 20160405
|
| 801 |
|
2 |
|a RU
|b 63413507
|c 20210204
|g RCR
|
| 900 |
|
|
|a Теоретическая механика
|
| 942 |
|
|
|c BK
|
| 959 |
|
|
|a 23/20160218
|d 3
|e 550,00
|f ЧЗТЛ:1
|f УФ:2
|